[Event "SWE-chT 2223 Elite"]
[Site "Sweden"]
[Date "2023.03.11"]
[Round "8.5"]
[White "Cramling, Pia"]
[Black "Malesevic, Nedeljko"]
[Result "1-0"]
[WhiteElo "2459"]
[BlackElo "2213"]
[PlyCount "207"]
[EventDate "2022.10.14"]
[EventType "team-tourn"]
[EventRounds "9"]
[EventCountry "SWE"]
[SourceTitle "CBM 213 Extra"]
[Source "ChessBase"]
[SourceDate "2023.05.31"]
[SourceVersion "1"]
[SourceVersionDate "2023.05.31"]
[SourceQuality "1"]
[WhiteTeam "Wasa"]
[BlackTeam "Eksjo"]
[WhiteTeamCountry "SWE"]
[BlackTeamCountry "SWE"]

1. d4 d5 2. c4 e6 3. Nc3 Nf6 4. cxd5 exd5 5. Bg5 c6 6. e3 Be7 7. Qc2 Nbd7 8. Bd3 Nf8 9. Nf3 g6 10. h3 Ne6 11. Bh4 Nh5 12. Bxe7 Qxe7 13. 0-0-0 Nf6 14. g4 Bd7 15. Kb1 b5 16. Ne5 Rc8 17. f4 b4 18. Na4 c5 19. dxc5 Nxc5 20. Rc1 b3 21. axb3 Bxa4 22. bxa4 0-0 23. Bb5 Nfe4 24. Rhd1 Qb7 25. Ka2 a6 26. Bc6 Rxc6 27. Nxc6 Qxc6 28. b4 Qxa4+ 29. Qxa4 Nxa4 30. Kb3 Nb6 31. Rc6 Rb8 32. Ra1 Nc4 33. Raxa6 Nxe3 34. Ra7 d4 35. Rd7 Nd2+ 36. Ka4 Ra8+ 37. Kb5 Rb8+ 38. Rb6 Rxb6+ 39. Kxb6 Nc2 40. b5 Nb3 41. Kc7 Nc5 42. Rd8+ Kg7 43. f5 gxf5 44. gxf5 Kf6 45. Rd5 Nb3 46. b6 Nb4 47. b7 Nxd5+ 48. Kd6 Nc3 49. b8Q Ne4+ 50. Kd5 Nec5 51. Qh8+ Kxf5 52. Qxh7+ Kf6 53. Qh6+ Kf5 54. Qh5+ Kf4 55. Qxf7+ Kg3 56. Qh5 d3 57. Qg4+ Kf2 58. h4 Ke1 59. h5 d2 60. h6 d1Q+ 61. Qxd1+ Kxd1 62. h7 Nd3 63. h8Q Kc2 64. Qh2+ Kc3 65. Qg3 Nbc5 66. Qe3 Nb3 67. Qf3 Nbc5 68. Qf6+ Kd2 69. Kc4 Ke3 70. Qf1 Kd2 71. Qh3 Ke2 72. Kc3 Ne4+ 73. Kc2 Ne1+ 74. Kb3 Nd2+ 75. Kc3 Ne4+ 76. Kd4 Nf3+ 77. Kd5 Ned2 78. Qe6+ Kf2 79. Qe7 Nf1 80. Qa7+ Ke2 81. Qa2+ N1d2 82. Qc2 Ke3 83. Qd1 Kf2 84. Ke6 Ke3 85. Kf5 Nd4+ 86. Kg4 N4f3 87. Qa4 Kf2 88. Kf4 Ke2 89. Qa3 Ne1 90. Qe3+ Kd1 91. Kg4 Nef3 92. Qa3 Ke2 93. Qc3 Kf2 94. Kf4 Ke2 95. Qe3+ Kd1 96. Qf2 Kc2 97. Qc5+ Kd3 98. Qb5+ Kd4 99. Qb4+ Kd3 100. Qa3+ Ke2 101. Qc3 Kf2 102. Qe3+ Kg2 103. Qe2+ Kg1 104. Kg3 1-0

[Event "Skara Vastgota op"]
[Site "Skara"]
[Date "2023.02.19"]
[Round "8"]
[White "Andersson, Fredrik1111"]
[Black "Cramling, Pia"]
[Result "1/2-1/2"]
[WhiteElo "2235"]
[BlackElo "2455"]
[PlyCount "57"]
[EventDate "2023.02.18"]
[EventType "swiss"]
[EventRounds "9"]
[EventCountry "SWE"]
[SourceTitle "CBM 212 Extra"]
[Source "ChessBase"]
[SourceDate "2023.03.31"]
[SourceVersion "1"]
[SourceVersionDate "2023.03.31"]
[SourceQuality "1"]

1. e4 c5 2. Nf3 Nc6 3. Bb5 g6 4. Bxc6 bxc6 5. 0-0 Bg7 6. Re1 Nf6 7. Nc3 0-0 8. e5 Nd5 9. Ne4 d6 10. exd6 exd6 11. d3 h6 12. c4 Ne7 13. d4 cxd4 14. Nxd4 d5 15. cxd5 Qxd5 16. Nc3 Qxd4 17. Qxd4 Bxd4 18. Rxe7 Kg7 19. Bf4 Bf5 20. Rae1 Rfd8 21. h3 g5 22. Bc7 Rd7 23. Rxd7 Bxd7 24. Rd1 Bxc3 25. bxc3 Be6 26. a4 Rc8 27. Be5+ f6 28. Rd6 Kf7 29. Bd4 1/2-1/2

[Event "Skara Vastgota op"]
[Site "Skara"]
[Date "2023.02.18"]
[Round "2"]
[White "Bengtsson, Jessica"]
[Black "Cramling, Pia"]
[Result "1-0"]
[WhiteElo "2057"]
[BlackElo "2455"]
[PlyCount "110"]
[EventDate "2023.02.18"]
[EventType "swiss"]
[EventRounds "9"]
[EventCountry "SWE"]
[SourceTitle "CBM 212 Extra"]
[Source "ChessBase"]
[SourceDate "2023.03.31"]
[SourceVersion "1"]
[SourceVersionDate "2023.03.31"]
[SourceQuality "1"]

1. e4 c5 2. c3 Nf6 3. e5 Nd5 4. d4 cxd4 5. Nf3 Nc6 6. cxd4 g6 7. Bc4 Nb6 8. Bb3 Bg7 9. 0-0 0-0 10. Nc3 d6 11. Bf4 Bg4 12. Re1 dxe5 13. dxe5 Qxd1 14. Bxd1 Rad8 15. h3 Bxf3 16. Bxf3 Nd4 17. Be4 Nc4 18. Rab1 Ne6 19. Be3 Nxe3 20. Rxe3 Bxe5 21. Bxb7 Bd4 22. Ree1 Nc5 23. Be4 a5 24. Bc2 e5 25. Ne2 Rd5 26. b4 axb4 27. Rxb4 Rc8 28. Bb3 Nxb3 29. Rxb3 Rc2 30. Nxd4 exd4 31. a4 d3 32. Rd1 d2 33. Kf1 Ra2 34. Rbb1 h5 35. Ke2 Re5+ 36. Kf1 Kg7 37. g3 h4 38. g4 Rd5 39. Ke2 Re5+ 40. Kf1 Re4 41. Rb3 Rd4 42. Ke2 Re4+ 43. Kf1 Rexa4 44. Rd3 R4a3 45. Ke2 Rxd3 46. Kxd3 Ra3+ 47. Kxd2 Rxh3 48. Ke2 Ra3 49. Kf1 Kh6 50. Rd5 f6 51. Kg2 h3+ 52. Kh2 Rf3 53. Kg1 Rf4 54. Kh2 Rf3 55. Rc5 Kg7 1-0

[Event "EU-ch Cities&Town (Women) op"]
[Site "Tornelo INT"]
[Date "2023.01.29"]
[Round "?"]
[White "Cramling, Pia"]
[Black "Pica, Eleni"]
[Result "1-0"]
[WhiteElo "2458"]
[BlackElo "1048"]
[PlyCount "117"]
[EventDate "2023.01.29"]
[EventType "team-swiss"]
[EventRounds "9"]
[EventCountry "NET"]
[SourceTitle "CBM 212 Extra"]
[Source "ChessBase"]
[SourceDate "2023.03.31"]
[SourceVersion "1"]
[SourceVersionDate "2023.03.31"]
[SourceQuality "1"]
[WhiteTeam "Stockholm"]
[BlackTeam "Nicosia"]
[WhiteTeamCountry "SWE"]
[BlackTeamCountry "CYP"]

1. d4 d5 2. c4 e6 3. Nc3 Nf6 4. cxd5 exd5 5. Bg5 Be7 6. e3 h6 7. Bf4 0-0 8. Bd3 c5 9. Nge2 Nc6 10. dxc5 Bxc5 11. 0-0 d4 12. Na4 Bb6 13. Nxb6 Qxb6 14. Nxd4 Nxd4 15. exd4 Qxb2 16. Qf3 Qxd4 17. h3 Rd8 18. Rfd1 Qb6 19. Rab1 Qc6 20. Qxc6 bxc6 21. Bh7+ Kxh7 22. Rxd8 Bf5 23. Rxa8 Bxb1 24. Rxa7 Kg6 25. a4 Nd5 26. Be3 Bd3 27. a5 Kf6 28. Bd4+ Ke6 29. Bxg7 h5 30. Bd4 f5 31. Bc5 Nc3 32. a6 Bxa6 33. Rxa6 Kd5 34. Be3 Ne4 35. f3 Nd6 36. Ra8 c5 37. Bf4 Nf7 38. Rf8 Ke6 39. Kf2 c4 40. Ke2 Ne5 41. Re8+ Kd5 42. Bxe5 h4 43. Bf6 Kc5 44. Rb8 Kd5 45. Kd2 f4 46. Bxh4 Kd4 47. Bf6+ Kd5 48. Kc3 Kc5 49. h4 Kd5 50. h5 Ke6 51. h6 Kxf6 52. h7 Kg6 53. h8Q Kf5 54. Qh5+ Kf6 55. Rb6+ Kg7 56. Qg6+ Kf8 57. Rb8+ Ke7 58. Rb7+ Kf8 59. Qf7# 1-0